Discursos leídos en la Junta pública del martes 9 de noviembre de 1954, para inaugurar el curso académico 1954-55 / (Record no. 113442)

MARC details
000 -LEADER
campo de control de longitud fija 01064nam a2200229 i 4500
001 - NÚMERO DE CONTROL
campo de control 113442
003 - IDENTIFICADOR DE NÚMERO DE CONTROL
campo de control ES-MaACL
005 - FECHA Y HORA DE LA ÚLTIMA TRANSACCIÓN
campo de control 20250928114906.0
007 - CAMPO FIJO DE DESCRIPCIÓN FÍSICA--INFORMACIÓN GENERAL
campo de control de longitud fija t|
008 - DATOS DE LONGITUD FIJA--INFORMACIÓN GENERAL
campo de control de longitud fija 061121s1954 sp |||| | spa d
100 1# - ENTRADA PRINCIPAL--NOMBRE DE PERSONA
Nombre de persona Palacios, Leopoldo-Eulogio,
Fechas asociadas al nombre 1912-1981
9 (RLIN) 88410
245 10 - MENCIÓN DEL TÍTULO
Título Discursos leídos en la Junta pública del martes 9 de noviembre de 1954, para inaugurar el curso académico 1954-55 /
Mención de responsabilidad, etc. Leopoldo E. Palacios Rodríguez y Marcial Solana G. Camino.
260 ## - PUBLICACIÓN, DISTRIBUCIÓN, ETC.
Lugar de publicación, distribución, etc. Madrid :
Nombre del editor, distribuidor, etc. [s. n.],
Fecha de publicación, distribución, etc. 1954.
300 ## - DESCRIPCIÓN FÍSICA
Extensión 56 p. ;
Dimensiones 24 cm.
594 ## - Nota al título y mención de responsabilidad
Nota al título y mención de responsabilidad Precede al tít.: Real Academia de Ciencias Morales y Políticas.
594 ## - Nota al título y mención de responsabilidad
Nota al título y mención de responsabilidad Palacios: Tema: Juan de Santo Tomás en la coyuntura de nuestro tiempo y la naturaleza de la ciencia moral.
594 ## - Nota al título y mención de responsabilidad
Nota al título y mención de responsabilidad Solana: Tema: Existencia y caracteres distintivos de la Filosofía española según Menéndez Pelayo.
700 1# - ENTRADA AGREGADA--NOMBRE PERSONAL
Nombre de persona Solana, Marcial,
Fechas asociadas al nombre 1880-1958
9 (RLIN) 107070
710 2# - ENTRADA AGREGADA--NOMBRE DE ENTIDAD CORPORATIVA
Nombre de entidad corporativa o nombre de jurisdicción como elemento de entrada Real Academia de Ciencias Morales y Políticas (España)
9 (RLIN) 222050
852 ## - LOCALIZACIÓN
Ubicación ES-MaACL
Número de control de estantería 1963-F-14
Holdings
Estatus retirado Estado de pérdida Estado de daño No para préstamo Colección Biblioteca de origen Biblioteca actual Ubicación en estantería Fecha de adquisición Fuente de adquisición Total de préstamos Signatura topográfica completa Código de barras Visto por última vez Precio de reemplazo Tipo de ítem Koha
        Colección de folletos Biblioteca del Ateneo de Madrid Biblioteca del Ateneo de Madrid Depósito folletos 17/01/2008     1963-F-14 1118317 23/02/2023 23/02/2023 Folleto